Hombres, ritos, dioses : (Record no. 12124)

MARC details
000 -LEADER
campo de control de longitud fija 00767nam a2200241 i 4500
001 - NÚMERO DE CONTROL
campo de control 12124
003 - IDENTIFICADOR DE NÚMERO DE CONTROL
campo de control ES-MaACL
005 - FECHA Y HORA DE LA ÚLTIMA TRANSACCIÓN
campo de control 20250728113735.0
007 - CAMPO FIJO DE DESCRIPCIÓN FÍSICA--INFORMACIÓN GENERAL
campo de control de longitud fija t|
008 - DATOS DE LONGITUD FIJA--INFORMACIÓN GENERAL
campo de control de longitud fija 970414s1995 sp ||||1| spa d
020 ## - NÚMERO INTERNACIONAL ESTÁNDAR DEL LIBRO
Número Internacional Estándar del Libro 84-8164-076-X
080 ## - NÚMERO DE LA CLASIFICACIÓN DECIMAL UNIVERSAL
Número de la Clasificación Decimal Universal 291
100 1# - ENTRADA PRINCIPAL--NOMBRE DE PERSONA
Nombre de persona Díez de Velasco, Francisco,
Fechas asociadas al nombre 1960-
Término indicativo de función/relación Autor
9 (RLIN) 174249
245 10 - MENCIÓN DEL TÍTULO
Título Hombres, ritos, dioses :
Resto del título introducción a la historia de las religiones /
Mención de responsabilidad, etc. Francisco Díez de Velasco.
260 ## - PUBLICACIÓN, DISTRIBUCIÓN, ETC.
Lugar de publicación, distribución, etc. Madrid :
Nombre del editor, distribuidor, etc. Trotta,
Fecha de publicación, distribución, etc. D.L. 1995.
300 ## - DESCRIPCIÓN FÍSICA
Extensión 566 p. :
Otras características físicas il. ;
Dimensiones 23 cm.
490 1# - MENCIÓN DE SERIE
Mención de serie Colección Paradigmas ;
Designación de volumen o secuencia 10
650 14 - PUNTO DE ACCESO ADICIONAL DE MATERIA--TÉRMINO DE MATERIA
Término de materia o nombre geográfico como elemento de entrada Religiones-
Subdivisión general Historia
9 (RLIN) 16823
830 0# - PUNTO DE ACCESO ADICIONAL DE SERIE-TÍTULO UNIFORME
Título uniforme Colección Paradigmas ;
Designación de volumen o secuencia 10
9 (RLIN) 180595
852 ## - LOCALIZACIÓN
Ubicación ES-MaACL
Número de control de estantería L-19462
Sublocalización o colección R.125044
942 ## - ELEMENTOS DE ENTRADA SECUNDARIOS (KOHA)
Fuente del sistema de clasificación o colocación Clasificación decimal universal
Holdings
Estatus retirado Estado de pérdida Estado de daño No para préstamo Biblioteca de origen Biblioteca actual Ubicación en estantería Fecha de adquisición Fuente de adquisición Total de préstamos Signatura topográfica completa Código de barras Visto por última vez Precio de reemplazo Tipo de ítem Koha
        Biblioteca del Ateneo de Madrid Biblioteca del Ateneo de Madrid Depósito 2 17/01/2008     L-19462 1012353 23/02/2023 23/02/2023 Libro impreso